Ministry of Education: department of technical education and vocational training annual report, 1977 (Record no. 77688)

MARC details
000 -LEADER
fixed length control field 01722nam a2200241 a 4500
008 - FIXED-LENGTH DATA ELEMENTS--GENERAL INFORMATION
fixed length control field 090422s1981 ||||||||||||||||| || u
050 ## - LIBRARY OF CONGRESS CALL NUMBER
Classification number GOV.ZAM(058)MOE/1977
110 ## - MAIN ENTRY--CORPORATE NAME
Corporate name or jurisdiction name as entry element Technical Education, Vocational and Entreprenuership Training Authority (TEVETA)
245 10 - TITLE STATEMENT
Title Ministry of Education: department of technical education and vocational training annual report, 1977
Statement of responsibility, etc. By the Department of Technical Education and Vocational Training
246 ## -
-- Department of Technical Education and Vocational Training Annual Report, 1979
260 ## - PUBLICATION, DISTRIBUTION, ETC.
Place of publication, distribution, etc. Lusaka:
Name of publisher, distributor, etc. Department of Technical Education and Vocational Training (DTEVT)
Date of publication, distribution, etc. 1981
300 ## - PHYSICAL DESCRIPTION
Extent v, 41p.: ill.
350 ## -
-- 0.00
500 ## - GENERAL NOTE
General note Holdings 1978; 1979; 1983
650 #0 - SUBJECT ADDED ENTRY--TOPICAL TERM
Topical term or geographic name entry element EDUCATIONAL TESTS AND MEASUREMENTS
650 ## - SUBJECT ADDED ENTRY--TOPICAL TERM
Topical term or geographic name entry element EDUCATION--ZAMBIA--HANDBOOKS, MANUALS, ETC
650 ## - SUBJECT ADDED ENTRY--TOPICAL TERM
Topical term or geographic name entry element EDUCATION AND STATE--ANNUAL REPORTS--ZAMBIA
995 ## -
-- SPECIAL COLLECTIONS
-- 0.00
-- 03003834
-- CBU-MAIN LIBRARY (Kitwe)
-- 1
-- 0.00
-- GOV.ZAM(058)MOE/1978A
-- 2
-- AVAILABLE
-- Apr 23, 2009
-- 03003834
-- Zambiana Collection
995 ## -
-- SPECIAL COLLECTIONS
-- 0.00
-- 03003836
-- CBU-MAIN LIBRARY (Kitwe)
-- 1
-- 0.00
-- GOV.ZAM(058)MOE/1979
-- 4
-- AVAILABLE
-- Apr 23, 2009
-- 03003836
-- Zambiana Collection
995 ## -
-- SPECIAL COLLECTIONS
-- 0.00
-- 03003837
-- CBU-MAIN LIBRARY (Kitwe)
-- 1
-- 0.00
-- GOV.ZAM(058)MOE/1983
-- 5
-- AVAILABLE
-- Apr 23, 2009
-- 03003837
-- Zambiana Collection
995 ## -
-- SPECIAL COLLECTIONS
-- 0.00
-- 03003835
-- CBU-MAIN LIBRARY (Kitwe)
-- 1
-- 0.00
-- GOV.ZAM(058)MOE/1978B
-- 3
-- AVAILABLE
-- Apr 23, 2009
-- 03003835
-- Zambiana Collection
995 ## -
-- SPECIAL COLLECTIONS
-- 0.00
-- 03003822
-- CBU-MAIN LIBRARY (Kitwe)
-- 1
-- 0.00
-- GOV.ZAM(058)MOE/1977
-- 1
-- AVAILABLE
-- Apr 22, 2009
-- 03003822
-- Zambiana Collection
999 ## -
-- 77688
-- 77688
Holdings
Withdrawn status Lost status Source of classification or shelving scheme Damaged status Not for loan Permanent Location Current Location Shelving location Date acquired Total Checkouts Full call number Barcode Date last seen Copy number Price effective from Koha item type
          CBU-MAIN LIBRARY, KITWE. CBU-MAIN LIBRARY, KITWE.   05/03/2023   GOV.ZAM(058)MOE/1978A 03003834 05/03/2023 1 05/03/2023 SPECIAL COLLECTION
          CBU-MAIN LIBRARY, KITWE. CBU-MAIN LIBRARY, KITWE.   05/03/2023   GOV.ZAM(058)MOE/1979 03003836 05/03/2023 2 05/03/2023 SPECIAL COLLECTION
          CBU-MAIN LIBRARY, KITWE. CBU-MAIN LIBRARY, KITWE.   05/03/2023   GOV.ZAM(058)MOE/1983 03003837 05/03/2023 3 05/03/2023 SPECIAL COLLECTION
          CBU-MAIN LIBRARY, KITWE. CBU-MAIN LIBRARY, KITWE.   05/03/2023   GOV.ZAM(058)MOE/1978B 03003835 05/03/2023 4 05/03/2023 SPECIAL COLLECTION
          CBU-MAIN LIBRARY, KITWE. CBU-MAIN LIBRARY, KITWE.   05/03/2023   GOV.ZAM(058)MOE/1977 03003822 05/03/2023 5 05/03/2023 SPECIAL COLLECTION